00760nam a2200217 i 4500003000900000005001700009007000300026008004100029040003000070082001400100240001900114245007600133246006500209264005200274300002700326336002700353337003300380338002800413650005900441651004200500DO-SdBNP20240322093514.0ta091207s200- dr 000 0 spa d aDO-SdBNPbspacBNPHUerda bR426L22200a[ Leyes, etc.]00aResolución No. 59-2007 :breglamento general de mensuras y catastro /0 aLey No. 59-07 :breglamento general de mensuras y catastro / aMoca, República Dominicana :bDalis,c[200-]. a108 páginas c21 cm. 2rdacontentatextobtxt 2rdamediaasin mediaciónbn 2rdacarrieravolumenbnc 4aSalud públicaxLegislaciónzRepública Dominicana 4aRepública DominicanaxLey No. 42-01